Jose Mourinho's Most Expensive Signings - Statistics

General Stats
  • This quiz has been taken 58 times
  • The average score is 13 of 20
Answer Stats
Rank Year Fee From To Player % Correct
1 2016 €105.00m Juventus Manchester United Paul Pogba
98%
2 2017 €84.70m Everton Manchester United Romelu Lukaku
85%
13 2012 €35.00m Tottenham Hotspur Real Madrid Luka Modrić
80%
3 2018 €59.00m Shakhtar Donetsk Manchester United Fred
76%
8 2004 €38.50m Marseille Chelsea Didier Drogba
75%
5 2006 €43.90m AC Milan Chelsea Andriy Shevchenko
73%
7 2021 €41.00m Chelsea Roma Tammy Abraham
71%
15 2018 €34.00m Arsenal Manchester United Alexis Sánchez
67%
11 2014 €38.00m Atlético Madrid Chelsea Diego Costa
67%
4 2017 €44.70m Chelsea Manchester United Nemanja Matić
67%
17 2014 €33.00m Barcelona Chelsea Cesc Fàbregas
65%
6 2016 €42.00m Borussia Dortmund Manchester United Henrikh Mkhitaryan
64%
16 2010 €33.00m Benfica Real Madrid Ángel Di María
62%
10 2016 €38.00m Villarreal Manchester United Eric Bailly
58%
12 2013 €35.50m Anzhi Chelsea Willian
56%
14 2017 €35.00m Benfica Manchester United Victor Lindelöf
49%
18 2020 €32.00m Real Betis Tottenham Hotspur Giovani Lo Celso
47%
9 2005 €38.00m Lyon Chelsea Michael Essien
47%
20 2015 €31.00m Fiorentina Chelsea Juan Cuadrado
38%
19 2005 €31.50m Manchester City Chelsea Shaun Wright-Phillips
38%
No matching quizzes found
Score Distribution
Percent of People with Each Score
Percentile by Number Answered
Your Score History
You have not taken this quiz